Countries Bordening the Black Sea - Statistics

General Stats
  • This quiz has been taken 11 times
  • The average score is 5 of 6
Answer Stats
Answer % Correct
Russia
100%
Turkey
100%
Bulgaria
91%
Ukraine
91%
Romania
82%
Georgia
73%
No matching quizzes found
Score Distribution
Percent of People with Each Score
Percentile by Number Answered
Your Score History
You have not taken this quiz